Reinforced concrete (Record no. 1731)

000 -LEADER
fixed length control field 00785nam a2200253 a 4500
001 - CONTROL NUMBER
control field 1731
003 - CONTROL NUMBER IDENTIFIER
control field BD-DhUET
008 - FIXED-LENGTH DATA ELEMENTS--GENERAL INFORMATION
fixed length control field 050726s2006 enka b 000 0 eng
020 ## - INTERNATIONAL STANDARD BOOK NUMBER
International Standard Book Number 9780415307956
040 ## - CATALOGING SOURCE
Original cataloging agency DLC
Transcribing agency DLC
Modifying agency BD-DhUET
082 00 - DEWEY DECIMAL CLASSIFICATION NUMBER
Classification number 624.183
Item number BHA/2006
100 ## - MAIN ENTRY--PERSONAL NAME
Personal name Bhatt, Prab
245 10 - TITLE STATEMENT
Title Reinforced concrete
Remainder of title design theory and examples
250 ## - EDITION STATEMENT
Edition statement 3rd ed.
260 ## - PUBLICATION, DISTRIBUTION, ETC. (IMPRINT)
Place of publication, distribution, etc. London
Name of publisher, distributor, etc. Taylor & Francis
Date of publication, distribution, etc. 2006
300 ## - PHYSICAL DESCRIPTION
Extent xxi, 686 p.
Other physical details ill.
Dimensions 24 cm.
504 ## - BIBLIOGRAPHY, ETC. NOTE
Bibliography, etc Includes bibliographies
650 #0 - SUBJECT ADDED ENTRY--TOPICAL TERM
Topical term or geographic name as entry element Reinforced concrete construction
700 ## - ADDED ENTRY--PERSONAL NAME
Personal name MacGinley, Thomas J.
700 ## - ADDED ENTRY--PERSONAL NAME
Personal name Choo, Ban Seng
856 41 - ELECTRONIC LOCATION AND ACCESS
Uniform Resource Identifier http://www.loc.gov/catdir/toc/ecip0516/2005021534.html
856 42 - ELECTRONIC LOCATION AND ACCESS
Uniform Resource Identifier http://www.loc.gov/catdir/enhancements/fy0654/2005021534-d.html
942 ## - ADDED ENTRY ELEMENTS (KOHA)
Koha item type General Book
Holdings
Koha full call number Source of classification or shelving scheme Price effective from Lost status Koha date last seen Location (home branch) Not for loan Koha date last borrowed Shelving location Damaged status Koha item type Piece designation (barcode) Withdrawn status Sublocation or collection (holding branch) Date acquired Koha issues (times borrowed) Copy number Koha normalized classification for sorting
624.183/BHA/2006 2014-09-10 2014-09-10Central Library, BUET  Circulation section General Book106447 Central Library, BUET2014-09-10 1624_183000000000000_BHA_2006
624.183 BHA/2006 2025-12-30 2026-01-12Central Library, BUET 2026-01-12Circulation section General Book106448 Central Library, BUET2009-04-2112624_183000000000000_BHA_2006